| Tag |
First Indicator |
Second Indicator |
Subfields |
| LEADER |
00000cam a22000001 4500 |
| 001 |
in00000053563 |
| 005 |
20160208133008.0 |
| 008 |
711005s1967 ctub b 10000 eng |
| 010 |
|
|
|a 67024500
|
| 035 |
|
|
|a (OCoLC)00318822
|
| 035 |
|
|
|9 AAG0364AM
|
| 040 |
|
|
|a DLC
|c DLC
|d TXA
|d UtOrBLW
|
| 043 |
|
|
|a f------
|a e-uk---
|a e-gx---
|
| 049 |
|
|
|a TXAM
|c [475586]
|
| 050 |
0 |
0 |
|a DT32
|b .B73
|
| 082 |
0 |
|
|a 325.6
|
| 092 |
|
|
|a 325.6
|b B862
|
| 245 |
0 |
0 |
|a Britain and Germany in Africa: imperial rivalry and colonial rule /
|c Edited by Prosser Gifford and Wm. Roger Louis. With the assistance of Alison Smith.
|
| 264 |
|
1 |
|a New Haven :
|b Yale University Press,
|c 1967.
|
| 300 |
|
|
|a xvii, 825 pages :
|b maps. ;
|c 24 cm.
|
| 336 |
|
|
|a text
|b txt
|2 rdacontent
|
| 337 |
|
|
|a unmediated
|b n
|2 rdamedia
|
| 338 |
|
|
|a volume
|b nc
|2 rdacarrier
|
| 500 |
|
|
|a "Essays presented at a conference on imperial rivalry and colonial rule held at Yale University in the spring of 1965." The conference was sponsored by the university's Concilium on International Studies.
|
| 500 |
|
|
|a A related work, France and Britain in Africa: imperial rivalry and colonial rule, was published in 1971, containing papers of a second conference.
|
| 504 |
|
|
|a Bibliography: pages 774-793.
|
| 650 |
|
0 |
|a British
|z Africa.
|
| 650 |
|
0 |
|a Germans
|z Africa.
|
| 700 |
1 |
|
|a Gifford, Prosser.
|
| 700 |
1 |
|
|a Louis, William Roger,
|d 1936-
|
| 700 |
1 |
|
|a Smith, Alison,
|d 1921-
|
| 710 |
2 |
|
|a Yale University.
|
| 740 |
0 |
|
|a Imperial rivalry and colonial rule.
|
| 999 |
|
|
|a MARS
|
| 999 |
f |
f |
|s 75c1c830-b8fa-35b1-a7f2-8af4c453ec71
|i 8fce13b9-b767-3aa5-b830-d4a35a8a93bd
|t 0
|
| 952 |
f |
f |
|p ric
|a Texas A&M University
|b Rellis Campus
|c Joint Library Facility
|d Remote Storage
|t 0
|e DT32 .B73
|h Library of Congress classification
|i unmediated -- volume
|m A14800671751
|
| 998 |
f |
f |
|a DT32 .B73
|t 0
|l Remote Storage
|